000 00732nam a22001577a 4500
003 OSt
005 20150927162827.0
008 150927b xxu||||| |||| 00| 0 eng d
040 _cRUA
082 _aAGR LEA 2011 B050 Or.1
100 _91452
_aLEANG, SEREIKOL
245 _aEffect of soil improvement techniques on soil fertility and yield of sen podao rice grown on prateah lang soil, ប្រសិទ្ធភាពនៃបច្ចេកទសកែលម្អដី ទៅលើជីជាតិដី និង ទិន្នផលស្រូវសែនពិដោរ នៅលើក្រុមដីប្រទះឡាង
260 _aPhnom Penh
_bRUA
_c2011
300 _axii, 49p.
_bill.
_c29cm.
942 _2ddc
_cAGR
999 _c1365
_d1365